1825 1560 1753 1121 1507 1500 1050 1375 1619 1053 1578 1108 1043 1261 1913 1137 1594 1312 1807 1821 1209 1372 1837 1172 1013 1546 1835 1607 1752 1276 1286 1402 1110 1227 1147 1230 1369 1616 1351 1663 1014 1957 1862 1728 1432 1278 1416 1600 1394 1443 1876 1899 1277 1451 1303 1994 1322 1166 1514 1798 1897 1665 1756 1840 1092 1693 1957 1213 1106 1862 1779 1727 1805 1284 1787 1265 1157 1997 1195 1063 1118 1256 1349 1308 1135 1865 1024 1014 1485 1147 1380 1956 1343 1450 1789 1826 1271 1982 1553 BCNSPRNW ULIB Ver.6.0+V

เปลี่ยนเป็นภาษาไทย

Change to English
 แสดงรายละเอียดบรรณานุกรม
  กลับหน้าหลัก

Brief Record : Get Marc (ISO 2709) : E-mail record : QR code < ปิดหน้าต่าง
LEADER : 00000nam 2200000uu 4500
001    13399127104
003     ULIB
008    191010s2562||||th 000 0 tha d
020    ^a9786160443833
060    ^aWS103^bM-ท
100    ^aMIOK JIN
245    ^aทายสิ ฉันคือตัวอะไร ชุดนิทานวิทยาศาสตร์พัฒนาทักษะสมอง EF (เรียนรู้ลักษณะทางกายภาพของสัตว์)
250    ^aพิมพ์ครั้งที่ 1
260    ^aกรุงเทพฯ :^bนานมีบุ๊คส์คิดดี้,^c2562
300    ^a28 หน้า;^b21 ซม.
650    ^aเด็ก^xการเรียนการสอน
945    ^p98^l0^i006292
999    ^aประนอม เกษจรัล
รายการนี้ยังไม่มีแท็ก
คุณยังไม่ได้ล็อกอิน คุณสามารถมีกิจกรรมร่วมกับเว็บไซต์ได้ แต่ต้องล็อกอินก่อน ::
  ล็อกอิน

รายการสื่อสารสนเทศ

ลำดับที่ ประเภท เลขเรียก/บาร์โค้ด สถานที่ สถานะ
1. วิทยาศาสตร์การแพทย์ และสุขภาพ
วิทยาศาสตร์การแพทย์ และสุขภาพ
WS103 M-ท ฉ.1 
  Barcode: 006292
ห้องสมุดวิทยาเขตสวรรค์ประชารักษ์
►หนังสือทั่วไป
บนชั้น

BibComment


ยังไม่เคยถูกคอมเมนท์

คอมเมนท์ทรัพยากรรายการนี้
  คอมเมนท์: ทายสิ ฉันคือตัวอ..


 Copyright 2026. Bcnsprnw @Library